Countries with the Highest Elevation Span - Statistics

General Stats
  • This quiz has been taken 52 times
  • The average score is 14 of 15
Answer Stats
m Country ft % Correct
9,002 China 29,534
100%
8,588 india 28,177
100%
7,473 Bhutan 24,518
98%
8,789 Nepal 28,835
98%
8,611 Pakistan 28,251
98%
6,893 Chile 22,615
96%
6,276 United States 20,591
94%
6,802 Peru 22,316
90%
7,065 Argentina 23,179
88%
7,195 Tajikistan 23,606
88%
7,142 Kazakhstan 23,432
85%
7,004 Kyrgyzstan 22,979
85%
7,234 Afghanistan 23,734
83%
6,452 Bolivia 21,168
83%
6,267 Ecuador 20,561
81%
No matching quizzes found
Score Distribution
Percent of People with Each Score
Percentile by Number Answered
Your Score History
You have not taken this quiz